Responses for show #328 - Wednesday, December 11, 1985

Contestants

Carolyn Kennedy, a writer originally from New York City

Rocky Schmidt, an attorney originally from Edmore, North Dakota

Sister Carol Cimino, a director of development from Rochester, New York (whose 2-day cash winnings total $9,899)

Jeopardy! Round responses

MODERN HISTORY
NAME CHANGES
LEFT & RIGHT
SPORTS MOVIES
ART
BANANAS
    $100 20
Mao

Carolyn
    $100 10
Joan Rivers

Rocky
    $100 6
the right hand

Sister Carol
    $100 25
quarterback

Rocky
    $100 9
Grandma Moses

Rocky
    $100 1
red

Triple Stumper
    $200 21
the Titanic

Sister Carol
    $200 11
John Denver

Sister Carol
    $200 7
a switch-hitter

Sister Carol
    $200 26
Anthony Perkins

Rocky
    $200 13
Norman Rockwell

Carolyn
    $200 2
Joe Bonanno

Sister Carol
    $300 22
Japan

Sister Carol
    $300 16
James Garner

Rocky
    $300 8
a wine glass

Carolyn
    $300 27
Rollerball

Sister Carol
    $300 14
(Rocky: Who is Goya?)

Picasso

RockyCarolyn
    $300 3
(Alex adds "Today" to the end of the title.)

"Yes! We Have No Bananas"

Sister Carol
    $400 23
King Farouk

Triple Stumper
    $400 17
(Sister Carol: Who is Ted Koppel?)
(Rocky: Who is Walter Cronkite?)

Ted Knight

Sister CarolRocky
Triple Stumper
    $400 12
a penny

Carolyn
    $400 28
Babe Ruth

Triple Stumper
    $400 15
horns

Sister Carol
    $200 4
"The Banana Boat Song"

Sister Carol
    $500 24
(Alex: We've got about a minute to go in the round.)

Great Britain

Sister Carol
    $500 18
Elton John

Triple Stumper
    $500 19
a left-handed compliment

Rocky
    $500 30
boxing

Triple Stumper
    $500 29
a coffeeshop (diner)

Carolyn
    $500 5
banana republics

Sister Carol

Scores at the first commercial break (after clue 11):

Sister Carol Rocky Carolyn
$1,700 $200 $300

Scores at the end of the Jeopardy! Round:

Sister Carol Rocky Carolyn
$3,000 $600 $1,800

Double Jeopardy! Round responses

WILD WEST
HARBORS
BOTANICAL NAMES
HAIL TO THE CHIEF
BEST SELLERS
HEALTH
    $200 18
Annie Oakley

Carolyn
    $200 23
Alexander the Great

Sister Carol
    $200 9
the Ivy League

Sister Carol
    $200 6
(Alex: No. 1 Cherry Street.)

New York

Rocky
    $200 1
Weight Watchers

Rocky
    $200 14
a thermometer

Carolyn
    $400 19
sheep

Sister Carol
    $400 24
Havana (Cuba)

Sister Carol
    $400 10
Jack Lemmon

Carolyn
    $400 7
(Sister Carol: Who is Ford?)
(Rocky: Who is Carter?)
[Sister Carol rings in again.]
(Alex: Sister, you're not allowed to ring in again, sorry.)
[Carolyn is then recognized without ringing in.]

Reagan

Sister CarolRockyCarolyn
    $400 2
(Carolyn: What was "Love Story"?)

Harvard

RockyCarolyn
    $400 15
hay fever

Sister Carol
    $600 20
Judge Roy Bean (the Law West of the Pecos)

Triple Stumper
    $600 25
(Sister Carol: What is Singapore?)
(Carolyn: What is Shanghai?)

Hong Kong

Sister CarolCarolyn
Triple Stumper
    $600 11
Miss Peach

Triple Stumper
    $600 8
Cleveland

Rocky
    $600 3
1984

Rocky
    $600 16
a diagnosis

Rocky
    $800 12
Claude Pepper

Triple Stumper
    $800 17
(Carolyn: Who was Harrison?)

John Quincy Adams

Sister CarolCarolyn
    $800 4
Bette Davis

Rocky
    $800 21
disinfectants (antiseptics)

Sister Carol
    $500 13
(Carolyn: Who is...I don't know?)
(Alex: He's produced a lot of the James Bond films, [*].)

Albert "Cubby" Broccoli

Carolyn
    $1000 26
(Sister Carol: What is whiskey?)

hard cider

Sister Carol
Triple Stumper
    $1000 5
(Alex: I was about to give it anyway, and I heard someone in the audience whisper, "[*]". [*] was the correct response. We would appreciate it if you would refrain from giving correct or incorrect responses again, ladies and gentlemen.)

James Bond

Triple Stumper
    $1000 22
a (blood) transfusion

Carolyn

Scores at the end of the Double Jeopardy! Round:

Sister Carol Rocky Carolyn
$4,200 $3,600 $1,700

[wagering suggestions for these scores]

Final Jeopardy! Round responses

KINGS & QUEENS
[In Sister Carol's response, Spain was written in above England and Portugal was written in below Scotland.]
CarolynWhat is England + France
$1,695
RockyWhat are France & England
$100
Sister CarolWhat is England + Scotland Spain Portugal
$3,601
England and France

Final scores:

Sister Carol Rocky Carolyn
$599 $3,700 $3,395
3rd place: Kelvinator refrigerator New champion: $3,700 2nd place: 7-day Bahamas resort vacation

Game dynamics:

Coryat scores:

Sister Carol Rocky Carolyn
$4,400 $3,600 $2,200
19 R
(including 2 DDs),
4 W
13 R,
3 W
11 R,
4 W
(including 1 DD)

Combined Coryat: $10,200

The J! Archive is created by fans, for fans. The Jeopardy! game show and all elements thereof, including but not limited to copyright and trademark thereto, are the property of Jeopardy Productions, Inc. and are protected under law. This website is not affiliated with, sponsored by, or operated by Jeopardy Productions, Inc. Join the discussion at JBoard.tv.